| 000 | 00621 a2200121 4500 | ||
|---|---|---|---|
| 020 | _a9780784408940 | ||
| 020 | _a0784408947 | ||
| 082 | _a628.55 BHA | ||
| 245 |
_aRemediation technologies for soils and groundwater / _csponsored by Remediation Technologies for Soils and Groundwater Task Committee of the Environmental Council, Environmental and Water Resources Institute (EWRI) of the American Society of Civil Engineers ; edited by Alok Bhandari ... [et al.]. |
||
| 260 |
_aReston, Va. : _bAmerican Society of Civil Engineers, _c2007. |
||
| 300 |
_avii, 449 p. : _bill. ; _c22 cm. |
||
| 650 | _aSoil remediation. | ||
| 650 |
_aGroundwater _xPurification. |
||
| 999 |
_c1723 _d1723 |
||